| 000 | 01153nam a22002657a 4500 | ||
|---|---|---|---|
| 003 | OSt | ||
| 005 | 20221028114636.0 | ||
| 007 | cr ||||||a|c|a | ||
| 008 | 220906s2020 mx a|||fom||| 001 0 spa d | ||
| 040 | _erda | ||
| 100 | 1 |
_9128735 _aGarcía Hernández, Raúl Vidal |
|
| 245 | 1 |
_aDesarrollo de un sistema de siembra para un vehículo autónomo / _cpor Raúl Vidal García Hernández; director de tesis Noé Velázquez López. |
|
| 264 | 1 |
_aChapingo, México : _bEl autor, _c2020. |
|
| 300 |
_a1 recurso en línea (59 páginas). _bcuadros, figuras. |
||
| 336 |
_2rdacontent _atexto _btxt |
||
| 337 |
_2rdamedia _acomputadora _bc |
||
| 338 |
_2rdacarrier _arecurso en línea _bcr |
||
| 502 |
_bMIAUIA _cIrrigación y Mecánica _d2020. _gMAE |
||
| 504 | _aIncluye referencias bibliográficas: páginas 4-5, 39-41. | ||
| 650 | 4 |
_970978 _aMaíz _xImplementos y maquinaria |
|
| 650 | 4 |
_9130289 _aSembradoras _xDiseño y construcción |
|
| 700 | 1 |
_9118560 _aVelázquez López, Noé _eDirector de Tesis. |
|
| 856 |
_uhttp://10.13.5.2/tesis/tm/2020_IM_Garcia_Hernandez_RaulVidal.pdf _zDESCARGAR PDF |
||
| 942 |
_2Clasificación Universidad Autónoma Chapingo _cTD |
||
| 999 |
_c217651 _d217651 |
||